000
00230nam a22001097a 4500
020
_a
9789353573577
082
_a
200
100
_a
DIVAKARUNI, BANERJEE CHITRA
245
_a
THE FOREST OF ENCHANTMENTS
300
_a
360P
942
_c
BK
999
_c
7947
_d
7947